British to American & American to British words - Statistics

General Stats
  • This quiz has been taken 429 times
    417 since last reset
  • The average score is 18 of 34
Answer Stats
Hint Answer % Correct
British to American Mobile phone Cellphone
87%
British to American Shopping centre Shopping mall
86%
British to American Tin Can
80%
American to British Vacation Holiday
80%
American to British Color Colour
77%
American to British Candy Sweets
77%
British to American Post Mail
75%
American to British Sweater Jumper
71%
British to American Aubergine Eggplant
70%
British to American Cinema Movie theater
70%
British to American Wardrobe Closet
67%
British to American Shop Store
67%
American to British Cotton candy Candy floss
64%
American to British Oatmeal Porridge
56%
American to British Faucet Tap
56%
American to British Pacifier Dummy
54%
American to British Dog leash Dog lead
52%
American to British Fire truck Fire engine
50%
British to American Pudding Dessert
49%
British to American Number plate License plate
46%
British to American Cooker Stove
44%
American to British Blinker Indicator
43%
American to British Zucchini Courgette
42%
American to British Bathrobe Dressing gown
42%
American to British Phone booth Phone box
38%
British to American Draughts Checkers
30%
British to American Booking Reservation
30%
British to American Starters Appetizer
29%
British to American Brackets Parentheses
27%
British to American Braces Suspenders
25%
British to American Cupboard Cabinet
21%
American to British Thumbtack Drawing pin
19%
American to British Dumpster Skip
18%
American to British Molasses Treacle
16%
No matching quizzes found
Score Distribution
Percent of People with Each Score
Percentile by Number Answered
Your Score History
You have not taken this quiz since the last reset